চারুকলার কৌশলাদি / (Record no. 86071)
[ view plain ]
| 000 -LEADER | |
|---|---|
| fixed length control field | 00827nam a2200229 a 4500 |
| 001 - CONTROL NUMBER | |
| control field | 86071 |
| 003 - CONTROL NUMBER IDENTIFIER | |
| rucl marc code | BD-RjUL |
| 005 - DATE AND TIME OF LATEST TRANSACTION | |
| control field | 20260107140621.0 |
| 008 - FIXED-LENGTH DATA ELEMENTS--GENERAL INFORMATION | |
| fixed length control field | 260107s2024 bg ||||| |||| 00| 0 ben d |
| 020 ## - INTERNATIONAL STANDARD BOOK NUMBER | |
| International Standard Book Number | 9789849463702 |
| 035 ## - SYSTEM CONTROL NUMBER | |
| System control number | (BD-RjUL)86071 |
| 040 ## - CATALOGING SOURCE | |
| Original cataloging agency | BD-RjUL |
| Language of cataloging | eng |
| Transcribing agency | BD-RjUL |
| 041 ## - LANGUAGE CODE | |
| Language code of text/sound track or separate title | ben |
| 082 ## - DEWEY DECIMAL CLASSIFICATION NUMBER | |
| Edition number | 23 |
| Classification number | 741.2 |
| Author mark and year | SOT 2024 |
| 100 ## - MAIN ENTRY--PERSONAL NAME | |
| Personal name | সোবাহান, হীরা |
| 9 (RLIN) | 17566 |
| 245 ## - TITLE STATEMENT | |
| Title | চারুকলার কৌশলাদি / |
| Statement of responsibility, etc. | হীরা সোবাহান |
| 260 ## - PUBLICATION, DISTRIBUTION, ETC. (IMPRINT) | |
| Place of publication, distribution, etc. | রাজশাহী : |
| Name of publisher, distributor, etc. | প্রকৃতি-প্রত্যয় প্রকাশন, |
| Date of publication, distribution, etc. | ২০২৪ |
| 300 ## - PHYSICAL DESCRIPTION | |
| Pagination | ৫১৪ পৃ.: |
| Illustrations | চিত্রসমূহ; |
| Size | ২৪ সেমি. |
| 650 ## - SUBJECT ADDED ENTRY--TOPICAL TERM | |
| Topical term or geographic name as entry element | অঙ্কন |
| General subdivision | কৌশল |
| 9 (RLIN) | 17575 |
| Topical term or geographic name as entry element | Drawing |
| General subdivision | Technique. |
| 9 (RLIN) | 17576 |
| 942 ## - ADDED ENTRY ELEMENTS (KOHA) | |
| Source of classification or shelving scheme | Dewey Decimal Classification |
| Koha item type | Books |
| Lost status | Source of classification or shelving scheme | Damaged status | Not for loan | Collection code | Permanent Location | Current Location | Shelving location | Date acquired | Source of acquisition | Cost, normal purchase price | Total Checkouts | Full call number | Date last seen | Copy number | Koha item type |
|---|---|---|---|---|---|---|---|---|---|---|---|---|---|---|---|
| Dewey Decimal Classification | Not For Loan | Non-fiction | Central Library, University of Rajshahi | Central Library, University of Rajshahi | Reading Room | 06/01/2026 | Rajshahi : Prokiti Protai | 800.00 | B 741.2 SOT 2024 | 07/01/2026 | C-1 | Books | |||
| Dewey Decimal Classification | Non-fiction | Central Library, University of Rajshahi | Central Library, University of Rajshahi | General Stacks | 06/01/2026 | Rajshahi : Prokiti Protai | 800.00 | B 741.2 SOT 2024 | 07/01/2026 | C-2 | Books | ||||
| Dewey Decimal Classification | Non-fiction | Central Library, University of Rajshahi | Central Library, University of Rajshahi | General Stacks | 06/01/2026 | Rajshahi : Prokiti Protai | 800.00 | B 741.2 SOT 2024 | 07/01/2026 | C-3 | Books |